[Event "Staunton CC King´s Gambit theme-D"]
[Site "Groningen"]
[Date "2002.09.07"]
[Round "2"]
[White "Spaans, Rob"]
[Black "Koole, Bauke"]
[Result "0-1"]
[WhiteElo "1789"]
[BlackElo "1762"]
[PlyCount "28"]
[EventDate "2002.09.??"]
[EventType "tourn"]
[EventRounds "3"]
[EventCountry "NED"]
[SourceTitle "CBM 090 Extra"]
[Source "ChessBase"]
[SourceDate "2002.11.07"]
[SourceVersion "1"]
[SourceVersionDate "2002.11.07"]
[SourceQuality "1"]

1. e4 e5 2. f4 exf4 3. Nf3 g5 4. Bc4 Bg7 5. d4 d6 6. 0-0 Nc6 7. Nxg5 Bxd4+ 8. Kh1 Qxg5 9. Rxf4 Nf6 10. c3 Be5 11. h4 Qg3 12. Bxf7+ Kxf7 13. Qh5+ Ke7 14. Qh6 Rg8 0-1